Click that countries aren't in Europe (medium level) - Statistics

General Stats
  • This quiz has been taken 32 times
  • The average score is 6 of 14
Answers on the Grid
Answers color-coded by a green-red scale on the quiz's grid according to % correct below.
 
Answer Stats
Answer % Correct
65%
57%
57%
52%
48%
43%
43%
39%
39%
35%
35%
30%
13%
9%
No matching quizzes found
Score Distribution
Percent of People with Each Score
Percentile by Number Answered
Your Score History
You have not taken this quiz